| 000 | 00000nam##2200000za#4500 |
| 001 | 9.550559 |
| 003 | CaOODSP |
| 005 | 20231123085048 |
| 007 | ta |
| 008 | 150406|2008||||xxc||||| f|0| 0 fre|d |
| 020 | |a978-0-660-65192-7 |
| 022 | |a0317-2376 |
| 040 | |aCaOODSP|bfre |
| 041 | |aeng |
| 041 | |afre |
| 043 | |an-cn--- |
| 086 | 1 |aFR4-2008/4 |
| 110 | 1 |aCanada. |bAffaires étrangères et commerce international Canada. |
| 245 | 10|aEntraide judiciaire en matière pénale : |bTraité d'entraide en matière pénale entre le gouvernement du Canada et le gouvernement de la République fédérative du Brésil, Brasilia, le 27 janvier 1995, en vigueur le 1er novembre 2008 |
| 260 | |aOttawa - Ontario : |bAffaires étrangères et Commerce international |cc2010. |
| 300 | |a25p. ; |c25 cm. |
| 490 | 1 |aRecueil des traités|x0317-2376|v2008/4 |
| 563 | |aCouverture souple |
| 590 | |a10-07|b2010-02-19 |
| 791 | |tMutual legal assistance in criminal matters : |eeng|w(CaOODSP)9.550558 |
| 830 | #0|aRecueil des traités,|x0317-2376|v2008/4|w(CaOODSP)9.509229 |